Cartes du Uno - Statistiques

Statistiques générales
  • Ce quiz a été pris 249 fois
  • Le résultat moyen est 75 sur 108
Statistiques - réponses
Carte % Correct
+4
94%
1 Bleu
84%
1 Rouge
84%
1 Jaune
83%
2 Jaune
82%
+2 Jaune
82%
2 Rouge
82%
+2 Rouge
82%
1 Vert
81%
2 Bleu
80%
+2 Bleu
80%
3 Bleu
78%
3 Rouge
78%
2 Vert
77%
+2 Vert
77%
3 Jaune
77%
4 Bleu
76%
4 Jaune
76%
5 Bleu
76%
5 Jaune
76%
6 Bleu
76%
6 Rouge
76%
7 Bleu
76%
7 Jaune
76%
7 Rouge
76%
8 Bleu
76%
8 Jaune
76%
8 Rouge
76%
9 Bleu
76%
9 Rouge
76%
5 Rouge
75%
6 Jaune
75%
9 Jaune
75%
3 Vert
74%
4 Rouge
74%
4 Vert
73%
5 Vert
73%
6 Vert
73%
7 Vert
73%
8 Vert
73%
9 Vert
73%
0 Jaune
61%
0 Rouge
61%
0 Vert
61%
0 Bleu
52%
Joker
48%
Inversion Bleu
40%
Inversion Rouge
40%
Inversion Jaune
39%
Inversion Vert
39%
Passer un tour Rouge
29%
Passer un tour Bleu
28%
Passer un tour Jaune
28%
Passer un tour Vert
28%
Aucun quiz correspondant
Distribution des résultats
% des personnes avec chaque résultat
Percentile par nombre de réponses
Votre historique - résultats
Vous n’avez pas pris ce quiz